[Event "SVK-chT2C 2223"]
[Site "Slovakia"]
[Date "2023.03.25"]
[Round "10.6"]
[White "Macko, Michal"]
[Black "Tomcik, Milan"]
[Result "1-0"]
[WhiteElo "2141"]
[BlackElo "1960"]
[PlyCount "75"]
[EventDate "2022.10.08"]
[EventType "team-tourn"]
[EventRounds "11"]
[EventCountry "SVK"]
[SourceTitle "EXT 2024"]
[Source "ChessBase"]
[SourceDate "2023.10.10"]
[SourceVersion "1"]
[SourceVersionDate "2023.10.10"]
[SourceQuality "1"]
[WhiteTeam "Liptov Chess School III"]
[BlackTeam "Rajecke Teplice"]
[WhiteTeamCountry "SVK"]
[BlackTeamCountry "SVK"]

1. e4 g6 2. d4 d6 3. Bc4 Nf6 4. Qe2 Bg7 5. h3 Nc6 6. Nf3 0-0 7. e5 dxe5 8. dxe5 Nd5 9. 0-0 Nb6 10. Rd1 Qe8 11. Bd3 f5 12. Nc3 a6 13. a4 e6 14. a5 Nd7 15. Bf4 h6 16. h4 Qe7 17. Bc4 Nc5 18. Qe3 Kh7 19. h5 b5 20. axb6 cxb6 21. hxg6+ Kxg6 22. Rd6 Bb7 23. Nd5 Qxd6 24. exd6 exd5 25. Bxd5 Rad8 26. Nh4+ Kh7 27. Qg3 Rf6 28. Rd1 Ne4 29. Bxe4 fxe4 30. d7 Rg8 31. Be5 Nd8 32. Bxf6 Bxf6 33. Qf4 Bxh4 34. Qxh4 e3 35. g3 exf2+ 36. Kxf2 Rf8+ 37. Kg1 Kg7 38. Qe7+ 1-0

[Event "SVK-chT2C 2223"]
[Site "Slovakia"]
[Date "2023.02.12"]
[Round "9.3"]
[White "Giertli, Vladimir"]
[Black "Tomcik, Milan"]
[Result "1-0"]
[WhiteElo "1950"]
[BlackElo "1960"]
[PlyCount "115"]
[EventDate "2022.10.08"]
[EventType "team-tourn"]
[EventRounds "11"]
[EventCountry "SVK"]
[SourceTitle "EXT 2024"]
[Source "ChessBase"]
[SourceDate "2023.10.10"]
[SourceVersion "1"]
[SourceVersionDate "2023.10.10"]
[SourceQuality "1"]
[WhiteTeam "Banska Bystrica Kurta"]
[BlackTeam "Rajecke Teplice"]
[WhiteTeamCountry "SVK"]
[BlackTeamCountry "SVK"]

1. e4 c6 2. Nf3 d5 3. Nc3 Nf6 4. e5 Ne4 5. Nxe4 dxe4 6. Ng5 Qd5 7. Qe2 Bf5 8. g4 Bg6 9. Bg2 Qxe5 10. Nxe4 Nd7 11. d4 Qc7 12. f4 Bxe4 13. Bxe4 Nf6 14. Bg2 0-0-0 15. c3 e6 16. Bd2 Bd6 17. Rf1 Nd5 18. Qf3 Qb6 19. 0-0-0 Qa6 20. Kb1 g6 21. f5 exf5 22. gxf5 Kb8 23. h4 Rde8 24. Rfe1 Nc7 25. h5 gxh5 26. Bf1 Qa5 27. Qxh5 Rxe1 28. Rxe1 Ne6 29. Qxf7 Nxd4 30. Re8+ Rxe8 31. Qxe8+ Kc7 32. Qf7+ Kc8 33. Qg8+ Kd7 34. Qg7+ Kc8 35. Qxd4 Qxf5+ 36. Bd3 Qf8 37. Bxh7 b6 38. Bd3 Kc7 39. a4 Qf7 40. a5 c5 41. Qa4 Qd5 42. axb6+ axb6 43. Qa7+ Qb7 44. Qxb7+ Kxb7 45. Bb5 Kc7 46. Kc2 Bg3 47. Kd3 Kd6 48. Ke4 Bf2 49. Bf4+ Ke6 50. Bc7 Bh4 51. Bxb6 Kd6 52. Ba7 Bg5 53. Bb8+ Ke6 54. Bc4+ Kd7 55. Bf4 Bh4 56. Kd5 Bf2 57. Bb5+ Kc8 58. Bd6 1-0

[Event "SVK-chT2C 2223"]
[Site "Slovakia"]
[Date "2023.02.11"]
[Round "8.4"]
[White "Debnar, Jan"]
[Black "Tomcik, Milan"]
[Result "1/2-1/2"]
[WhiteElo "1927"]
[BlackElo "1960"]
[PlyCount "70"]
[EventDate "2022.10.08"]
[EventType "team-tourn"]
[EventRounds "11"]
[EventCountry "SVK"]
[SourceTitle "EXT 2024"]
[Source "ChessBase"]
[SourceDate "2023.10.10"]
[SourceVersion "1"]
[SourceVersionDate "2023.10.10"]
[SourceQuality "1"]
[WhiteTeam "Detva"]
[BlackTeam "Rajecke Teplice"]
[WhiteTeamCountry "SVK"]
[BlackTeamCountry "SVK"]

1. e4 c6 2. d4 d5 3. e5 c5 4. dxc5 e6 5. Be3 Nc6 6. f4 d4 7. Bf2 Bxc5 8. Nd2 Nge7 9. Bd3 Nf5 10. a3 a5 11. Ngf3 a4 12. Ne4 Qa5+ 13. Qd2 Qxd2+ 14. Nfxd2 b6 15. 0-0-0 Bd7 16. g4 Nfe7 17. Nxc5 bxc5 18. Ne4 Nd5 19. Bg3 Ra5 20. Nd6+ Ke7 21. Nb7 Ra7 22. Nxc5 Rc8 23. Nxd7 Kxd7 24. Bb5 Ke7 25. Bxc6 Rxc6 26. Rxd4 Ne3 27. Bh4+ f6 28. c3 h5 29. gxh5 Nf5 30. exf6+ gxf6 31. Bxf6+ Kxf6 32. Rb4 Rcc7 33. Rg1 Rg7 34. Re1 Ra6 35. Re2 Rh7 1/2-1/2

[Event "SVK-chT2C 2223"]
[Site "Slovakia"]
[Date "2022.10.09"]
[Round "2.2"]
[White "Pal, Peter"]
[Black "Tomcik, Milan"]
[Result "1/2-1/2"]
[WhiteElo "2065"]
[BlackElo "1960"]
[PlyCount "39"]
[EventDate "2022.10.08"]
[EventType "team-tourn"]
[EventRounds "11"]
[EventCountry "SVK"]
[SourceTitle "CBM 210 Extra"]
[Source "ChessBase"]
[SourceDate "2022.11.30"]
[SourceVersion "1"]
[SourceVersionDate "2022.11.30"]
[SourceQuality "1"]
[WhiteTeam "Filakovo"]
[BlackTeam "Rajecke Teplice"]
[WhiteTeamCountry "SVK"]
[BlackTeamCountry "SVK"]

1. Nf3 Nf6 2. c4 g6 3. Nc3 Bg7 4. g3 d6 5. Bg2 e5 6. d3 a5 7. a3 Nbd7 8. Rb1 0-0 9. b4 c6 10. 0-0 Re8 11. Qc2 Nf8 12. b5 c5 13. Bg5 Ne6 14. Bxf6 Bxf6 15. Nd5 Bg7 16. e3 Bd7 17. Nd2 f5 18. Rbd1 b6 19. Nb1 Rb8 20. Nbc3 1/2-1/2

[Event "SVK-chT2C 2223"]
[Site "Slovakia"]
[Date "2022.10.08"]
[Round "1.2"]
[White "Tomcik, Milan"]
[Black "Gorcsi, Gabor"]
[Result "0-1"]
[WhiteElo "1960"]
[BlackElo "2202"]
[PlyCount "94"]
[EventDate "2022.10.08"]
[EventType "team-tourn"]
[EventRounds "11"]
[EventCountry "SVK"]
[SourceTitle "CBM 210 Extra"]
[Source "ChessBase"]
[SourceDate "2022.11.30"]
[SourceVersion "1"]
[SourceVersionDate "2022.11.30"]
[SourceQuality "1"]
[WhiteTeam "Rajecke Teplice"]
[BlackTeam "Vinica"]
[WhiteTeamCountry "SVK"]
[BlackTeamCountry "SVK"]

1. e4 c5 2. Nc3 Nc6 3. Bb5 Nd4 4. Bc4 e6 5. Nf3 a6 6. a4 Ne7 7. Nxd4 cxd4 8. Ne2 Nc6 9. Ng3 Be7 10. 0-0 Qc7 11. f4 b6 12. f5 Ne5 13. Be2 Bb7 14. d3 Rc8 15. Nh5 g6 16. Ng7+ Kd8 17. fxe6 fxe6 18. Bf4 Rg8 19. c3 Qd6 20. Qb3 Rxg7 21. Bxe5 Qxe5 22. Qxb6+ Qc7 23. Qb3 Bc6 24. Qc2 Qe5 25. c4 a5 26. Rf3 Kc7 27. Raf1 h6 28. Bd1 Rgg8 29. Qf2 Rcf8 30. Qd2 g5 31. g3 Rxf3 32. Rxf3 Rf8 33. Qf2 Qg7 34. Rxf8 Qxf8 35. Qe2 Bb4 36. b3 Qf6 37. Qg4 Bd2 38. Bf3 d6 39. Kg2 Be8 40. Bd1 Be3 41. Qe2 Bh5 42. Qe1 Bxd1 43. Qxa5+ Kd7 44. Qb5+ Ke7 45. Qb7+ Kf8 46. Qc8+ Kg7 47. Qd7+ Kg6 0-1

[Event "SVK-chT2C 2122"]
[Site "Slovakia"]
[Date "2022.05.01"]
[Round "11.5"]
[White "Dibala, Radovan"]
[Black "Tomcik, Milan"]
[Result "0-1"]
[WhiteElo "1892"]
[BlackElo "1944"]
[PlyCount "108"]
[EventDate "2021.10.16"]
[EventType "team-tourn"]
[EventRounds "11"]
[EventCountry "SVK"]
[SourceTitle "EXT 2023"]
[Source "ChessBase"]
[SourceDate "2022.10.05"]
[SourceVersion "1"]
[SourceVersionDate "2022.10.05"]
[SourceQuality "1"]
[WhiteTeam "Dunajov III"]
[BlackTeam "Rajecke Teplice"]
[WhiteTeamCountry "SVK"]
[BlackTeamCountry "SVK"]

1. e4 c6 2. d4 d5 3. Nc3 dxe4 4. Nxe4 Nf6 5. Nxf6+ gxf6 6. Nf3 Bg4 7. Be2 e6 8. Bf4 Bd6 9. Qd2 Bxf4 10. Qxf4 Qa5+ 11. c3 Qf5 12. Qxf5 Bxf5 13. 0-0 Nd7 14. Nh4 Bg6 15. Rfe1 0-0-0 16. Bg4 f5 17. Bh3 Nf6 18. g3 Kc7 19. Bg2 Bh5 20. Bf3 Rhg8 21. Kg2 Rd6 22. Bxh5 Nxh5 23. Kf3 Nf6 24. Ng2 Ne4 25. Nf4 c5 26. Ne2 b6 27. Kg2 Rgd8 28. Rac1 Kb7 29. f3 Nf6 30. Rc2 Nd5 31. Kf2 a5 32. a3 c4 33. Nf4 Nxf4 34. gxf4 Rg8 35. Rg1 Rdd8 36. Rcc1 Rg6 37. Rg3 Kc6 38. Re1 Kb5 39. Re5+ Ka4 40. Ke1 Rd5 41. Re2 Kb3 42. Kd1 b5 43. Kc1 b4 44. axb4 axb4 45. cxb4 Kxb4 46. Rd2 c3 47. Rd3 cxb2+ 48. Kxb2 Kc4 49. Rc3+ Kxd4 50. Rc7 Ke3 51. Rxf7 Rd2+ 52. Kc3 Rxh2 53. Rxh7 Rxg3 54. Rxh2 Kxf4 0-1

[Event "SVK-chT2C 2122"]
[Site "Slovakia"]
[Date "2022.03.27"]
[Round "9.3"]
[White "Tomcik, Milan"]
[Black "Taragelova, Martina"]
[Result "0-1"]
[WhiteElo "1945"]
[BlackElo "2039"]
[PlyCount "142"]
[EventDate "2021.10.16"]
[EventType "team-tourn"]
[EventRounds "11"]
[EventCountry "SVK"]
[SourceTitle "EXT 2023"]
[Source "ChessBase"]
[SourceDate "2022.10.05"]
[SourceVersion "1"]
[SourceVersionDate "2022.10.05"]
[SourceQuality "1"]
[WhiteTeam "Rajecke Teplice"]
[BlackTeam "Liptov Chess School III"]
[WhiteTeamCountry "SVK"]
[BlackTeamCountry "SVK"]

1. Nf3 d5 2. g3 Nf6 3. Bg2 c5 4. 0-0 Nc6 5. d3 e5 6. Nbd2 Be7 7. e4 dxe4 8. dxe4 0-0 9. c3 Qc7 10. a4 Be6 11. Ng5 Bc8 12. Qe2 h6 13. Nh3 Nh7 14. Nc4 Be6 15. f4 Rad8 16. f5 Bxc4 17. Qxc4 Na5 18. Qe2 Nb3 19. Rb1 c4 20. Be3 Bc5 21. Rfd1 Bxe3+ 22. Qxe3 Qa5 23. g4 f6 24. Bf1 Qxa4 25. Qe2 b5 26. Nf2 Qa5 27. h4 Qb6 28. Kg2 Rf7 29. Rxd8+ Qxd8 30. Rd1 Rd7 31. Rxd7 Qxd7 32. Nd1 Qd2 33. Ne3 Nf8 34. Nd5 a6 35. Qxd2 Nxd2 36. Nc7 Nxe4 37. Nxa6 Nd6 38. Nc7 Kh7 39. Kf2 Nd7 40. Bg2 Nc5 41. Bc6 Nd3+ 42. Ke3 b4 43. cxb4 Nxb4 44. Bd5 g6 45. fxg6+ Kxg6 46. Be6 h5 47. Kd2 hxg4 48. Bxg4 f5 49. Bd1 Nd3 50. b3 Nf2 51. bxc4 Nxc4+ 52. Kc3 Nxd1+ 53. Kxc4 Ne3+ 54. Kd3 Ng2 55. h5+ Kxh5 56. Ke2 Kg4 57. Kf2 Nf4 58. Ne8 Nd5 59. Nd6 e4 60. Nf7 e3+ 61. Ke2 f4 62. Nh6+ Kg5 63. Nf7+ Kf6 64. Nd6 Nc3+ 65. Kf3 e2 66. Kf2 Ke5 67. Nf7+ Kd4 68. Ng5 Kd3 69. Nf3 Ne4+ 70. Ke1 Ke3 71. Ne5 Nc5 0-1

[Event "SVK-chT2C 2122"]
[Site "Slovakia"]
[Date "2022.03.05"]
[Round "5.2"]
[White "Tomcik, Milan"]
[Black "Kukucka, Matej"]
[Result "1/2-1/2"]
[WhiteElo "1945"]
[BlackElo "2099"]
[PlyCount "37"]
[EventDate "2021.10.16"]
[EventType "team-tourn"]
[EventRounds "11"]
[EventCountry "SVK"]
[SourceTitle "EXT 2023"]
[Source "ChessBase"]
[SourceDate "2022.10.05"]
[SourceVersion "1"]
[SourceVersionDate "2022.10.05"]
[SourceQuality "1"]
[WhiteTeam "Rajecke Teplice"]
[BlackTeam "Kysucke Nove Mesto"]
[WhiteTeamCountry "SVK"]
[BlackTeamCountry "SVK"]

1. Nf3 e6 2. g3 f5 3. d3 Nf6 4. Bg2 Be7 5. 0-0 0-0 6. Re1 d6 7. Nc3 e5 8. e4 Nc6 9. Nd5 Nxd5 10. exd5 Nb8 11. a4 a5 12. c3 Nd7 13. b4 Kh8 14. Qe2 Nf6 15. Nd2 Bd7 16. b5 Rf7 17. c4 b6 18. Nf1 Qf8 19. f4 1/2-1/2

[Event "SVK-chT2C 2122"]
[Site "Slovakia"]
[Date "2021.10.16"]
[Round "1.2"]
[White "Tomcik, Milan"]
[Black "Trgina, Daniel"]
[Result "1/2-1/2"]
[WhiteElo "1950"]
[BlackElo "2059"]
[PlyCount "84"]
[EventDate "2021.10.16"]
[EventType "team-tourn"]
[EventRounds "11"]
[EventCountry "SVK"]
[SourceTitle "EXT 2023"]
[Source "ChessBase"]
[SourceDate "2022.10.05"]
[SourceVersion "1"]
[SourceVersionDate "2022.10.05"]
[SourceQuality "1"]
[WhiteTeam "Rajecke Teplice"]
[BlackTeam "Banska Bystrica Kurta"]
[WhiteTeamCountry "SVK"]
[BlackTeamCountry "SVK"]

1. d4 Nf6 2. c4 g6 3. Nc3 d5 4. cxd5 Nxd5 5. e4 Nxc3 6. bxc3 Bg7 7. Nf3 c5 8. Be3 Qa5 9. Qb3 0-0 10. Bc4 cxd4 11. Bxd4 Nc6 12. Bxg7 Kxg7 13. 0-0 Qc5 14. Qb5 Qxb5 15. Bxb5 Bd7 16. Rfd1 Rfd8 17. Kf1 a6 18. Ba4 b5 19. Bb3 Na5 20. Rd4 Be8 21. Ke2 Rdc8 22. Kd2 Rc7 23. Ng1 Rac8 24. Ne2 Nc4+ 25. Bxc4 Rxc4 26. Rxc4 Rxc4 27. f3 e5 28. Nc1 f5 29. exf5 gxf5 30. Nd3 Kf6 31. Nb4 a5 32. Nd5+ Ke6 33. Ne3 Rc7 34. Re1 Rd7+ 35. Kc1 f4 36. Ng4 Rd5 37. Nf2 Bg6 38. Re2 Rc5 39. Kb2 Kf6 40. Ng4+ Kf5 41. Nf2 Ke6 42. Kb3 Bf7 1/2-1/2

[Event "Drienica Saris op"]
[Site "Drienica"]
[Date "2020.08.13"]
[Round "7"]
[White "Ganzova, Veronika"]
[Black "Tomcik, Milan"]
[Result "0-1"]
[WhiteElo "1614"]
[BlackElo "1963"]
[PlyCount "102"]
[EventDate "2020.08.07"]
[EventType "swiss"]
[EventRounds "9"]
[EventCountry "SVK"]
[SourceTitle "CBM 197 Extra"]
[Source "ChessBase"]
[SourceDate "2020.09.30"]
[SourceVersion "1"]
[SourceVersionDate "2020.09.30"]
[SourceQuality "1"]

1. e4 d6 2. d4 Nf6 3. Bd3 g6 4. Nf3 Bg7 5. 0-0 0-0 6. Bd2 Nbd7 7. Na3 c6 8. Qc1 e5 9. c3 Re8 10. Nc4 Qc7 11. dxe5 dxe5 12. Re1 b5 13. Na3 Nc5 14. Bc2 Ba6 15. Bh6 Rad8 16. Bxg7 Kxg7 17. Qe3 Ne6 18. h3 c5 19. Rad1 b4 20. Nb1 Nf4 21. Ba4 Rf8 22. Rxd8 Rxd8 23. Rd1 Rxd1+ 24. Bxd1 Nd7 25. Qd2 Bd3 26. Bc2 Bxc2 27. Qxc2 Qd6 28. Kf1 f6 29. Qd2 Qd3+ 30. Qxd3 Nxd3 31. cxb4 cxb4 32. Ke2 Nxb2 33. Nfd2 Nc5 34. f3 Kf7 35. Nb3 Ne6 36. N1d2 Ke7 37. Na5 Kd6 38. g3 Nd4+ 39. Ke3 Nd1+ 40. Kd3 Nb2+ 41. Ke3 Kc5 42. Nab3+ Nxb3 43. axb3 Nd1+ 44. Ke2 Nc3+ 45. Kd3 Nb5 46. f4 Nd4 47. h4 exf4 48. gxf4 a6 49. Ke3 Nc2+ 50. Kd3 Ne1+ 51. Ke2 Ng2 0-1

[Event "Drienica Saris op"]
[Site "Drienica"]
[Date "2020.08.11"]
[Round "5"]
[White "Andras, Anton"]
[Black "Tomcik, Milan"]
[Result "0-1"]
[WhiteElo "1584"]
[BlackElo "1963"]
[PlyCount "46"]
[EventDate "2020.08.07"]
[EventType "swiss"]
[EventRounds "9"]
[EventCountry "SVK"]
[SourceTitle "CBM 197 Extra"]
[Source "ChessBase"]
[SourceDate "2020.09.30"]
[SourceVersion "1"]
[SourceVersionDate "2020.09.30"]
[SourceQuality "1"]

1. d4 Nf6 2. Bf4 d6 3. Nf3 g6 4. c3 Bg7 5. Nbd2 0-0 6. h3 Nbd7 7. e3 Re8 8. Be2 e5 9. Bg5 h6 10. Bh4 c5 11. Ne4 Qc7 12. Nxf6+ Nxf6 13. 0-0 Bf5 14. Re1 a6 15. Bg3 Nh7 16. Qd2 Rad8 17. Rad1 Qe7 18. Bc4 e4 19. Nh2 h5 20. Nf1 h4 21. Bh2 Ng5 22. Bf4 Bxh3 23. gxh3 Nf3+ 0-1

[Event "SVK-chT2C 1920"]
[Site "Slovakia"]
[Date "2020.02.16"]
[Round "9.5"]
[White "Pekar, Karol"]
[Black "Tomcik, Milan"]
[Result "1-0"]
[WhiteElo "2106"]
[BlackElo "2002"]
[PlyCount "81"]
[EventDate "2019.10.26"]
[EventType "team-tourn"]
[EventRounds "11"]
[EventCountry "SVK"]
[SourceTitle "CBM 195 Extra"]
[Source "ChessBase"]
[SourceDate "2020.05.31"]
[SourceVersion "1"]
[SourceVersionDate "2020.05.31"]
[SourceQuality "1"]
[WhiteTeam "Liptov Chess School III"]
[BlackTeam "Rajecke Teplice"]
[WhiteTeamCountry "SVK"]
[BlackTeamCountry "SVK"]

1. d4 Nf6 2. Nc3 d5 3. Bg5 Nbd7 4. e3 h6 5. Bh4 e6 6. Nf3 Be7 7. Bd3 c5 8. 0-0 c4 9. Be2 a6 10. Ne5 Nxe5 11. dxe5 Nd7 12. Bxe7 Qxe7 13. Qd4 b5 14. e4 b4 15. Nd1 Qc5 16. Qxc5 Nxc5 17. exd5 exd5 18. Ne3 Be6 19. Rfd1 0-0-0 20. Rd4 Na4 21. a3 Kb7 22. axb4 Nb6 23. Bf3 Rhe8 24. c3 g5 25. h3 Re7 26. Rad1 Red7 27. Nxc4 Nxc4 28. Rxc4 Kb6 29. Rcd4 Kb5 30. Ra1 Kb6 31. Ra5 Rc7 32. Bxd5 Bxd5 33. Raxd5 Re8 34. g3 Rc6 35. Kf1 Rce6 36. Rd6+ Kb5 37. Rxe6 Rxe6 38. f4 gxf4 39. gxf4 Rg6 40. Kf2 f5 41. Rd8 1-0

[Event "SVK-chT1E 1920"]
[Site "Slovakia"]
[Date "2020.01.25"]
[Round "7.8"]
[White "Tomcik, Milan"]
[Black "Taragelova, Martina"]
[Result "1/2-1/2"]
[WhiteElo "2002"]
[BlackElo "1938"]
[PlyCount "80"]
[EventDate "2019.10.12"]
[EventType "team-tourn"]
[EventRounds "11"]
[EventCountry "SVK"]
[SourceTitle "CBM 194 Extra"]
[Source "ChessBase"]
[SourceDate "2020.03.31"]
[SourceVersion "1"]
[SourceVersionDate "2020.03.31"]
[SourceQuality "1"]
[WhiteTeam "Kysucke Nove Mesto"]
[BlackTeam "Liptov Chess School II"]
[WhiteTeamCountry "SVK"]
[BlackTeamCountry "SVK"]

1. e4 e5 2. Nf3 Nc6 3. Bc4 Bc5 4. c3 Nf6 5. d3 d6 6. b4 Bb6 7. a4 a5 8. b5 Ne7 9. 0-0 Ng6 10. Re1 0-0 11. Bb3 c6 12. Na3 Bc7 13. Be3 d5 14. Qc2 Qe7 15. Bg5 Be6 16. exd5 Bxd5 17. Bxd5 cxd5 18. Qb3 Qd6 19. Bxf6 gxf6 20. g3 Rfd8 21. Rad1 Bb6 22. Nc2 Rac8 23. Ne3 Bxe3 24. fxe3 Qc5 25. Rc1 e4 26. dxe4 dxe4 27. Nd4 Ne5 28. Rf1 Nf3+ 29. Kg2 Nd2 30. Qc2 Nxf1 31. Rxf1 Rd6 32. Rf5 Qxc3 33. Qxe4 Rc5 34. Rxc5 Qxc5 35. Nf5 Rd2+ 36. Kh3 Kf8 37. Qg4 Ke8 38. Qg8+ Qf8 39. Ng7+ Ke7 40. Nf5+ Ke8 1/2-1/2

[Event "SVK-chT2C 1920"]
[Site "Slovakia"]
[Date "2019.12.15"]
[Round "6.4"]
[White "Galvanek, Ladislav"]
[Black "Tomcik, Milan"]
[Result "1/2-1/2"]
[WhiteElo "1966"]
[BlackElo "2002"]
[PlyCount "57"]
[EventDate "2019.10.26"]
[EventType "team-tourn"]
[EventRounds "11"]
[EventCountry "SVK"]
[SourceTitle "CBM 194 Extra"]
[Source "ChessBase"]
[SourceDate "2020.03.31"]
[SourceVersion "1"]
[SourceVersionDate "2020.03.31"]
[SourceQuality "1"]
[WhiteTeam "Zilina Mladost III"]
[BlackTeam "Rajecke Teplice"]
[WhiteTeamCountry "SVK"]
[BlackTeamCountry "SVK"]

1. d4 Nf6 2. Bf4 e6 3. e3 d5 4. c3 Bd6 5. Bg3 0-0 6. Nd2 b6 7. Ngf3 c5 8. Be5 Bxe5 9. dxe5 Nfd7 10. Bd3 f5 11. exf6 Nxf6 12. 0-0 Ba6 13. Bxa6 Nxa6 14. Qa4 Nb8 15. Rad1 Qe8 16. Qc2 Nc6 17. e4 d4 18. e5 Nd5 19. Nb3 dxc3 20. bxc3 Nce7 21. a3 Nf5 22. c4 Nde7 23. Rd3 Nc6 24. Re1 Rd8 25. Rxd8 Qxd8 26. Rd1 Ncd4 27. Nfxd4 Nxd4 28. Qd3 Qg5 29. Qe4 1/2-1/2

[Event "SVK-chT1E 1920"]
[Site "Slovakia"]
[Date "2019.12.08"]
[Round "6.8"]
[White "Sventek, Anton"]
[Black "Tomcik, Milan"]
[Result "1-0"]
[WhiteElo "2037"]
[BlackElo "2002"]
[PlyCount "77"]
[EventDate "2019.10.12"]
[EventType "team-tourn"]
[EventRounds "11"]
[EventCountry "SVK"]
[SourceTitle "CBM 194 Extra"]
[Source "ChessBase"]
[SourceDate "2020.03.31"]
[SourceVersion "1"]
[SourceVersionDate "2020.03.31"]
[SourceQuality "1"]
[WhiteTeam "Cadca"]
[BlackTeam "Kysucke Nove Mesto"]
[WhiteTeamCountry "SVK"]
[BlackTeamCountry "SVK"]

1. e4 c6 2. Nc3 d5 3. Nf3 Nf6 4. d3 dxe4 5. Nxe4 Nxe4 6. dxe4 Qxd1+ 7. Kxd1 Bg4 8. Be2 Nd7 9. Nd2 Bxe2+ 10. Kxe2 e5 11. Nc4 f6 12. Rd1 0-0-0 13. Be3 b6 14. a4 Nc5 15. Rxd8+ Kxd8 16. Nd2 a6 17. b4 Nd7 18. c3 Kc7 19. Nc4 Be7 20. Rd1 Rd8 21. g3 c5 22. b5 axb5 23. axb5 Nf8 24. Ra1 Kb7 25. f4 Nd7 26. Rd1 Kc7 27. Bf2 exf4 28. gxf4 Nf8 29. Ra1 Kb7 30. h4 g6 31. Ne3 Ra8 32. Rxa8 Kxa8 33. Nd5 Bd8 34. Kf3 Kb7 35. f5 Nd7 36. Bg3 Kc8 37. c4 g5 38. Kg4 gxh4 39. Kxh4 1-0

[Event "SVK-chT1E 1819"]
[Site "Slovakia"]
[Date "2019.01.12"]
[Round "5.5"]
[White "Tomcik, Milan"]
[Black "Lisko, Frantisek"]
[Result "0-1"]
[WhiteElo "2016"]
[BlackElo "2273"]
[PlyCount "66"]
[EventDate "2018.10.27"]
[EventType "team-tourn"]
[EventRounds "11"]
[EventCountry "SVK"]
[SourceTitle "CBM 188 Extra"]
[Source "ChessBase"]
[SourceDate "2019.02.26"]
[SourceVersion "1"]
[SourceVersionDate "2019.02.26"]
[SourceQuality "1"]
[WhiteTeam "Kysucke Nove Mesto"]
[BlackTeam "Dunajov Inbest II"]
[WhiteTeamCountry "SVK"]
[BlackTeamCountry "SVK"]

1. e4 c6 2. d4 d5 3. e5 c5 4. dxc5 e6 5. a3 Nc6 6. Nf3 Bxc5 7. b4 Bb6 8. c4 Nge7 9. Bg5 0-0 10. Bxe7 Qxe7 11. Ra2 Bc7 12. Qe2 f6 13. exf6 Qxf6 14. Nbd2 Bd7 15. g3 Be8 16. Bh3 Bf7 17. 0-0 e5 18. b5 Na5 19. c5 Bh5 20. g4 Bf7 21. Ne1 e4 22. Rc2 Qh6 23. Kg2 Bg6 24. Qe3 Rf4 25. Rh1 Raf8 26. Nf1 Nc4 27. Qd4 Qg5 28. Ne3 Nxe3+ 29. Qxe3 Rxf2+ 30. Qxf2 Rxf2+ 31. Rxf2 e3 32. Ra2 Be4+ 33. Kg1 Qh4 0-1

[Event "SVK-chT1E 1819"]
[Site "Slovakia"]
[Date "2018.10.28"]
[Round "2.8"]
[White "Tomcik, Milan"]
[Black "Korenova, Simona"]
[Result "1-0"]
[WhiteElo "2028"]
[BlackElo "1791"]
[PlyCount "127"]
[EventDate "2018.10.27"]
[EventType "team-tourn"]
[EventRounds "11"]
[EventCountry "SVK"]
[SourceTitle "CBM 187 Extra"]
[Source "ChessBase"]
[SourceDate "2018.11.04"]
[SourceVersion "1"]
[SourceVersionDate "2018.11.04"]
[SourceQuality "1"]
[WhiteTeam "Kysucke Nove Mesto"]
[BlackTeam "Liptov Chess School II"]
[WhiteTeamCountry "SVK"]
[BlackTeamCountry "SVK"]

1. Nf3 d5 2. g3 c5 3. d3 Nf6 4. Bg2 g6 5. Nbd2 Nc6 6. 0-0 Bg7 7. e4 dxe4 8. dxe4 e5 9. c3 0-0 10. Qe2 Qc7 11. a4 Be6 12. Ng5 Bg4 13. f3 Bd7 14. Nc4 Na5 15. Be3 a6 16. Rfd1 h6 17. Nh3 Be6 18. Nxa5 Qxa5 19. g4 g5 20. Nf2 Bb3 21. Re1 Rfd8 22. Nh1 Nd7 23. Qf2 Bf8 24. Ng3 c4 25. h4 f6 26. Bf1 Nc5 27. hxg5 fxg5 28. Bxc4+ Bxc4 29. b4 Qc7 30. bxc5 Rd3 31. Nf5 Rxc3 32. Rac1 Rxc1 33. Rxc1 Bb3 34. Qh2 Qc6 35. Qxe5 Re8 36. Qc3 Bxa4 37. Qc4+ Qe6 38. Qxa4 Rc8 39. Qc4 Kf7 40. Qd5 Rc7 41. Kf2 Rd7 42. Qxe6+ Kxe6 43. c6 Rc7 44. cxb7 Rxb7 45. Rc6+ Kd7 46. Rxa6 Rb2+ 47. Kg3 Bb4 48. Rxh6 Be1+ 49. Kh3 Rb3 50. Rh7+ Ke8 51. Nd6+ Kf8 52. Nf5 Ke8 53. Rg7 Bh4 54. Nxh4 gxh4 55. Bg5 Rxf3+ 56. Kxh4 Kf8 57. Ra7 Rf1 58. Kh5 Rg1 59. Kg6 Ke8 60. Kf5 Kf8 61. e5 Ke8 62. e6 Rf1+ 63. Kg6 Re1 64. Ra8# 1-0

[Event "SVK-chT2C 1718"]
[Site "Slovakia"]
[Date "2018.03.18"]
[Round "11.2"]
[White "Tomcik, Milan"]
[Black "Milcova, Zuzana"]
[Result "1/2-1/2"]
[WhiteElo "2014"]
[BlackElo "2042"]
[PlyCount "41"]
[EventDate "2017.10.28"]
[EventType "team-tourn"]
[EventRounds "11"]
[EventCountry "SVK"]
[SourceTitle "EXT 2020"]
[Source "ChessBase"]
[SourceDate "2019.10.17"]
[SourceVersion "1"]
[SourceVersionDate "2019.10.17"]
[SourceQuality "1"]
[WhiteTeam "Rajecke Teplice"]
[BlackTeam "Bziny"]
[WhiteTeamCountry "SVK"]
[BlackTeamCountry "SVK"]

1. e4 d5 2. exd5 Nf6 3. d4 Nxd5 4. Nf3 Bg4 5. Be2 c6 6. h3 Bxf3 7. Bxf3 e6 8. 0-0 Be7 9. a4 0-0 10. Nc3 Nd7 11. Nxd5 exd5 12. Bf4 a5 13. c3 Re8 14. Re1 Nf6 15. Qd3 Qd7 16. Bg5 Ne4 17. Bxe7 Qxe7 18. Bxe4 dxe4 19. Qe3 f5 20. f3 Qh4 21. Qf2 1/2-1/2

[Event "Oravska Priehrada op"]
[Site "Namestovo"]
[Date "2017.08.25"]
[Round "1"]
[White "Salva, Vladimir"]
[Black "Tomcik, Milan"]
[Result "1/2-1/2"]
[WhiteElo "1642"]
[BlackElo "2041"]
[PlyCount "102"]
[EventDate "2017.08.25"]
[EventType "swiss"]
[EventRounds "7"]
[EventCountry "SVK"]
[SourceTitle "CBM 180 Extra"]
[Source "ChessBase"]
[SourceDate "2017.10.06"]
[SourceVersion "1"]
[SourceVersionDate "2017.10.06"]
[SourceQuality "1"]

1. d4 Nf6 2. c4 e6 3. Nc3 c5 4. Nf3 cxd4 5. Nxd4 Nc6 6. Bg5 Be7 7. e3 h6 8. Bh4 Qb6 9. Rb1 a6 10. Be2 Qa5 11. a3 g5 12. Nxc6 dxc6 13. Bg3 e5 14. b4 Qc7 15. 0-0 Bf5 16. Rb2 Rd8 17. Rd2 0-0 18. Rxd8 Rxd8 19. Qc1 a5 20. c5 axb4 21. axb4 Nd7 22. Rd1 b6 23. cxb6 Qxb6 24. Qb2 Qxb4 25. Qxb4 Bxb4 26. Bxe5 Re8 27. Bd4 Be6 28. Ne4 f5 29. Nf6+ Nxf6 30. Bxf6 Kf7 31. Bh5+ Kxf6 32. Bxe8 c5 33. Ba4 Ke7 34. Bb5 Bc3 35. Rc1 Bb4 36. Bc4 Bd7 37. Rd1 Bc6 38. Kf1 Bb7 39. f3 Bc6 40. Ke2 Bc3 41. g3 Bb4 42. g4 fxg4 43. fxg4 Bd7 44. Kf3 Bc3 45. e4 Be5 46. h3 Ba4 47. Rd5 Bd4 48. Rf5 Be8 49. Bd5 Bg6 50. Bc4 Bxf5 51. exf5 Kf6 1/2-1/2